| 000 | 01439cam a2200277 4500 | ||
|---|---|---|---|
| 001 | ABS63462 | ||
| 008 | 000000n2001 000 0 eng u | ||
| 035 | _a(Sirsi) u110613 | ||
| 100 | _aMaurici, J. | ||
| 245 | _aGeoffrey Rippon Memorial Article: Effective protection of EC law rights and the discretion of the court to refuse relief in planning cases | ||
| 260 | _c2001 | ||
| 490 |
_aJournal of Planning and Environment Law _vJanuary 2001, 12-23(12) |
||
| 520 | _aFocuses on the way in which European law has impacted on the UK planning system and, in particular, whether or not the courts' discretion to refuse relief in planning cases is exercisable where it has been shown that this contravenes European law. Examines the situation under English law, the duty of the courts to ensure the protection of rights enshrined in European law and what elements of English planning law remain compatible with European law. Illustrated throughout with relevant case law. | ||
| 590 | _aABS | ||
| 650 | _aBERKLEY V SOS ENVIRONMENT | ||
| 650 | _aEUROPEAN LAW | ||
| 650 | _aJUDICIAL REVIEW | ||
| 650 | _aPLANNING | ||
| 650 | _aPLANNING LAW | ||
| 650 | _aR V NORTH YORKSHIRE CC EX P BROWN AND ANOTHER | ||
| 650 | _aR V DURHAM CC AND OTHERS EX P HUDDLESTONE | ||
| 650 | _aR V SOMERSET CC EX P MORRIS AND ANOTHER | ||
| 650 | _aTOWN AND COUNTRY PLANNING ACT 1990 S288(5) | ||
| 690 |
_aPlanning and development _96259 |
||
| 942 | _n0 | ||
| 999 |
_c65917 _d65917 |
||